| 000 | 00571nam a2200169Ia 4500 | ||
|---|---|---|---|
| 008 | 090122s9999 xx 000 0 und d | ||
| 082 |
_b176 _a920.71 |
||
| 100 |
_aभावे _bपु _cभा |
||
| 245 | _aमुद्रा ( व्यक्तिचित्रे ) | ||
| 260 |
_bआनंद अंतरकर _c1974 |
||
| 300 | _a125 | ||
| 600 | _aभावे | ||
| 630 | _aमुद्रा ( व्यक्तिचित्रे ) | ||
| 700 | _aभावे | ||
| 730 | _aमुद्रा ( व्यक्तिचित्रे ) | ||
| 942 | _cBOOK | ||
| 999 |
_c24254 _d24254 |
||